Fr. Conceicao Rodrigues College of Engineering

Principles of communication systems (Record no. 18529)

MARC details
000 -LEADER
fixed length control field 00362nam a2200157Ia 4500
082 ## - DEWEY DECIMAL CLASSIFICATION NUMBER
Classification number 621.38
Item number TAU/SCH
100 ## - MAIN ENTRY--PERSONAL NAME
Personal name Taub and Schilling/D.L
250 ## - EDITION STATEMENT
Edition statement 2
245 ## - TITLE STATEMENT
Title Principles of communication systems
260 ## - PUBLICATION, DISTRIBUTION, ETC.
Name of publisher, distributor, etc. Mc Graw Hill
Place of publication, distribution, etc. New York
Date of publication, distribution, etc. 1986
300 ## - PHYSICAL DESCRIPTION
Extent 759
546 ## - LANGUAGE NOTE
Language note ENGLISH
654 ## - SUBJECT ADDED ENTRY--FACETED TOPICAL TERMS
Focus term communication system
942 ## - ADDED ENTRY ELEMENTS (KOHA)
Koha item type BOOK
Holdings
Withdrawn status Lost status Damaged status Not for loan Collection Home library Current library Shelving location Date acquired Source of acquisition Cost, normal purchase price Inventory number Total Checkouts Full call number Barcode Date last seen Cost, replacement price Price effective from Koha item type
        CRC Fr. Agnel's C.Rodrigues College of Engineering Fr. Agnel's C.Rodrigues College of Engineering   17/03/2023 Book World 150.25 138 dt 23.11.90   621.38 TAU/SCH 3059 17/03/2023 150.25 23/11/1990 BOOK
        CRC Fr. Agnel's C.Rodrigues College of Engineering Fr. Agnel's C.Rodrigues College of Engineering   17/03/2023 Book World 150.25 138 dt 23.11.90   621.38 TAU/SCH 3060 17/03/2023 150.25 23/11/1990 BOOK
        CRC Fr. Agnel's C.Rodrigues College of Engineering Fr. Agnel's C.Rodrigues College of Engineering   17/03/2023 Book World 150.25 138 dt 23.11.90   621.38 TAU/SCH 3061 17/03/2023 150.25 23/11/1990 BOOK
        CRC Fr. Agnel's C.Rodrigues College of Engineering Fr. Agnel's C.Rodrigues College of Engineering   17/03/2023 Book World 150.25 138 dt 23.11.90   621.38 TAU/SCH 3062 17/03/2023 150.25 23/11/1990 BOOK
        CRC Fr. Agnel's C.Rodrigues College of Engineering Fr. Agnel's C.Rodrigues College of Engineering   17/03/2023 Book World 150.25 138 dt 23.11.90   621.38 TAU/SCH 3063 17/03/2023 150.25 23/11/1990 BOOK